| 000 | 00928nam a2200253 a 4500 | ||
|---|---|---|---|
| 001 | 000005565 | ||
| 005 | 20200929151720.0 | ||
| 008 | 090820s1994 sp ac 001 0 spa d | ||
| 020 | _a8400073967 | ||
| 040 | _aDO-SdBNP | ||
| 082 |
_a862.64 _bG146I |
||
| 100 | 1 |
_aMartínez Moreno, Isabel _915722 |
|
| 245 | 1 | 0 |
_aAntonio Gala : _bel paraíso perdido / _cIsabel Martínez Moreno ; prólogo Ma.del Pilar Palomo. |
| 260 |
_aMadrid, : _bConsejo Superior de Investigaciones Científicas, _c1994. |
||
| 300 |
_a663 p. : _bil., retrs. ; _c24 cm. |
||
| 490 | 1 | _aBiblioteca de teatro | |
| 500 | _aIncluye tabla de contenido | ||
| 500 | _aIncluye referencias bibliográficas ( 636-663 p.) | ||
| 600 | 1 | 4 |
_aGALA, ANTONIO, _d1936- _vBIOGRAFÍAS _915723 |
| 600 | 1 | 4 |
_aGALA, ANTONIO, _kTEATRO _xCRÍTICA E INTERPRETACIÓN _915724 |
| 700 | 1 |
_aPalomo, Maria del Pilar _epról. _915725 |
|
| 830 | 0 |
_aBiblioteca de teatro _915726 |
|
| 049 | _aBNPD | ||
| 999 |
_c5364 _d5364 |
||